000 00602nam a2200241Ia 4500
003 OSt
005 20220924121901.0
006 a|||||r|||| 00| 0
007 ta
008 220923b |||||||| |||| 00| 0 ben d
024 _a293439
037 _cTextual
040 _aARTS
_cARTS
_bben
041 _2ben
_aben
082 _aO157,1N54x, P5
100 _aGowswami Joy
_9187602
245 0 _aMoutal Moheswar
260 _aKolkata
_c2005
300 _a71p.
_ccm.
650 _aBENGALI LITERATURE
942 _hO157,1N54x, P5
_cTEXL
_2CC
999 _c409416
_d409416